Statistiken für Deutschlandlied

Klicken Sie hier um das Quiz zu spielen!

Allgemein

  • Dieses Quiz wurde 437 mal gespielt
    (434 seit der letzten Aktualisierung)
  • Das Durchschnittsergebnis liegt bei 65 aus 113

Antwortstatistiken

Wörter% Korrekt
und
93%
alle
91%
deutsche
91%
Deutsche
91%
Vaterland!
89%
Vaterland,
89%
Recht
88%
Einigkeit
87%
Freiheit,
87%
das
86%
Für
82%
Brüderlich
81%
uns
79%
Uns
79%
die
78%
Deutschland
73%
Deutschland,
73%
Hand!
73%
Herz
73%
lasst
73%
mit
73%
Glückes,
72%
Glückes
72%
streben,
70%
Über
70%
über
70%
Danach
69%
Blüh'
68%
der
68%
alles
67%
alles,
67%
des
65%
im
65%
dieses
64%
Glanze
64%
in
62%
Sind
62%
Deutsches
60%
Welt!
60%
Welt,
60%
Welt
60%
Blühe
58%
Unterpfand
58%
Frauen,
48%
an
40%
Von
40%
Wein
40%
bis
39%
Memel,
37%
den
35%
deutscher
34%
Deutscher
34%
zu
34%
Maas
33%
Belt,
32%
Etsch
31%
es
28%
Sang,
28%
Sang!
28%
zusammenhält,
24%
Schutz
23%
Treue,
23%
Trutze
22%
Sollen
21%
Wenn
21%
Klang,
19%
stets
19%
Unser
19%
Ihren
18%
Leben
18%
behalten,
17%
alten
16%
schönen
15%
Tat
15%
ganzes
14%
lang -
14%
begeistern,
13%
edler
12%

Verteilung der Resultate

Perzentil nach korrekt beantworteten Fragen

Anzahl Personen mit jedem Resultat

Ihre Resultats-Entwicklung

Sie haben dieses Quiz seit der letzten Aktualisierung nicht gespielt